8 mots dans mots : leu (mort subite) - Statistiques

Statistiques générales
  • Ce quiz a été pris 34 fois
  • Le résultat moyen est 7 sur 8
Answers on the Grid
Answers color-coded by a green-red scale on the quiz's grid according to % correct below.
Antitubercu---se
App---dissement
Reine-cla---ers
Ap---udimètre
Vadrouil---se
Orgueil---sement
Clau---ophobie
Tripatouil---se
Claud---er
P---rnicher
Pl---ible
Merveill---sement
Tail---r-pantalon
Cabi---ud
Gla---e
Fraiseur-outil---r
 
Statistiques - réponses
Réponse % Correct
Antitubercu---se
93%
Vadrouil---se
86%
Orgueil---sement
83%
P---rnicher
83%
Tripatouil---se
83%
Fraiseur-outil---r
79%
Tail---r-pantalon
79%
Merveill---sement
69%
Aucun quiz correspondant
Distribution des résultats
% des personnes avec chaque résultat
Percentile par nombre de réponses
Votre historique - résultats
Vous n’avez pas pris ce quiz